Crisis bancarias: factores causales y lineamientos para su adecuada prevención y administración /

Sinopsis

Guardado en:
書目詳細資料
主要作者: Durán Víquez, Rodolfo
其他作者: Mayorga Martínez, Mauricio
格式: Texto
標簽: 添加標簽
沒有標簽, 成為第一個標記此記錄!

MARC

LEADER 00000 a a2200000 04500
001 3000
003
040
100 |a Durán Víquez, Rodolfo  
245 |a Crisis bancarias:   |b factores causales y lineamientos para su adecuada prevención y administración /  |c Rodolfo Durán Víquez 
520 |a Sinopsis  
700 |a Mayorga Martínez, Mauricio  
773 |g volumen 18, número 1; páginas 6-70  
999 |c 23529  |d 23529